Mappa delle Americhe Pixelate - Statistics

Statistiche generali
  • Questo quiz è stato fatto 2.696 volte
  • Il punteggio medio è 152 su 156
Risposte nella Mappa
Le risposte nella mappa del quiz sottostante sono codificate secondo una scala di colori dal rosso al verde in base alla % di persone che hanno risposto correttamente.
 
Statistiche sulle risposte
Paese % Corretto
Canada
100%
Stati Uniti
100%
Argentina
98%
Messico
98%
Brasile
97%
Uruguay
93%
Cile
92%
Colombia
92%
Paraguay
91%
Venezuela
91%
Perù
90%
Bolivia
88%
Suriname
77%
Honduras
62%
Nessun quiz corrispondente trovato
Distribuzione punteggi
Percentuale di utenti per punteggio
Percentile per numero di risposta
I tuoi punteggi nel tempo
Non hai fatto questo quiz